[Event "Stay Safe Play From Home 328"]
[Site "Mustafa Kemal Atatürk"]
[Date "2020.07.24"]
[Round "2"]
[White "SoulofWolf"]
[Black "SelamiSahin"]
[Result "0-1"]
[WhiteElo "2184"]
[BlackElo "2045"]
[Annotator "NA"]
[PlyCount "136"]
[EventDate "2020.07.24"]
[EventType "swiss (blitz)"]

1. d4 {[%emt 0:00:00]} Nf6 {[%emt 0:00:02]} 2. Nf3 {[%emt 0:00:00]} g6 {[%emt 0:00:00]} 3. Bg5 {[%emt 0:00:00]} Bg7 {[%emt 0:00:01]} 4. Nbd2 {[%emt 0:00:00]} d5 {[%emt 0:00:01]} 5. c4 {[%emt 0:00:01]} c6 {[%emt 0:00:01]} 6. e3 {[%emt 0:00:00]} O-O {[%emt 0:00:01]} 7. Rc1 {[%emt 0:00:02]} Bf5 {[%emt 0:00:01]} 8. Qb3 {[%emt 0:00:01]} Qb6 {[%emt 0:00:01]} 9. Be2 {[%emt 0:00:00]} Nbd7 {[%emt 0:00:02]} 10. O-O {[%emt 0:00:01]} Rac8 {[%emt 0:00:02]} 11. Ne5 {[%emt 0:00:00]} Qxb3 {[%emt 0:00:04]} 12. axb3 {[%emt 0:00:02]} Nxe5 {[%emt 0:00:01]} 13. dxe5 {[%emt 0:00:02]} Ne4 {[%emt 0:00:00]} 14. Nxe4 {[%emt 0:00:01]} Bxe4 {[%emt 0:00:00]} 15. Bxe7 {[%emt 0:00:01]} Rfe8 {[%emt 0:00:00]} 16. Bd6 {[%emt 0:00:01]} Bxe5 {[%emt 0:00:01]} 17. c5 {[%emt 0:00:03]} Bxd6 {[%emt 0:00:01]} 18. cxd6 {[%emt 0:00:00]} Red8 {[%emt 0:00:00]} 19. f3 {[%emt 0:00:00]} Bf5 {[%emt 0:00:01]} 20. e4 {[%emt 0:00:02]} dxe4 {[%emt 0:00:01]} 21. fxe4 {[%emt 0:00:00]} Bxe4 {[%emt 0:00:00]} 22. Rfd1 {[%emt 0:00:01]} Bd5 {[%emt 0:00:01]} 23. Bc4 {[%emt 0:00:02]} Bxc4 {[%emt 0:00:01]} 24. Rxc4 {[%emt 0:00:01]} c5 {[%emt 0:00:01]} 25. Rd5 {[%emt 0:00:01]} b6 {[%emt 0:00:01]} 26. Kf2 {[%emt 0:00:00]} Rc6 {[%emt 0:00:01]} 27. b4 {[%emt 0:00:01]} Rcxd6 {[%emt 0:00:01]} 28. Rxd6 {[%emt 0:00:01]} Rxd6 {[%emt 0:00:00]} 29. bxc5 {[%emt 0:00:00]} bxc5 {[%emt 0:00:00]} 30. Rxc5 {[%emt 0:00:00]} Rb6 {[%emt 0:00:00]} 31. Rc8+ {[%emt 0:00:02]} Kg7 {[%emt 0:00:01]} 32. Rc2 {[%emt 0:00:00]} a5 {[%emt 0:00:01]} 33. Ke3 {[%emt 0:00:00]} h5 {[%emt 0:00:01]} 34. Kd4 {[%emt 0:00:00]} Rb4+ {[%emt 0:00:01]} 35. Kc5 {[%emt 0:00:01]} Rb3 {[%emt 0:00:01]} 36. Kc4 {[%emt 0:00:02]} Rb4+ {[%emt 0:00:01]} 37. Kc5 {[%emt 0:00:00]} g5 {[%emt 0:00:01]} 38. h3 {[%emt 0:00:02]} Kg6 {[%emt 0:00:01]} 39. Kd6 {[%emt 0:00:01]} f5 {[%emt 0:00:01]} 40. Ke6 {[%emt 0:00:01]} f4 {[%emt 0:00:01]} 41. Rf2 {[%emt 0:00:01]} Rb3 {[%emt 0:00:01]} 42. Kd5 {[%emt 0:00:01]} a4 {[%emt 0:00:01]} 43. Kc4 {[%emt 0:00:01]} Kf5 {[%emt 0:00:01]} 44. Rd2 {[%emt 0:00:01]} g4 {[%emt 0:00:01]} 45. Rd5+ {[%emt 0:00:01]} Kg6 {[%emt 0:00:01]} 46. Rd6+ {[%emt 0:00:01]} Kg5 {[%emt 0:00:01]} 47. hxg4 {[%emt 0:00:02]} hxg4 {[%emt 0:00:01]} 48. Rd2 {[%emt 0:00:01]} Kh4 {[%emt 0:00:01]} 49. Rf2 {[%emt 0:00:02]} Kg3 {[%emt 0:00:01]} 50. Rd2 {[%emt 0:00:01]} f3 {[%emt 0:00:00]} 51. gxf3 {[%emt 0:00:00]} gxf3 {[%emt 0:00:00]} 52. Rd7 {[%emt 0:00:02]} Kg2 {[%emt 0:00:02]} 53. Rg7+ {[%emt 0:00:00]} Kf1 {[%emt 0:00:01]} 54. Kd4 {[%emt 0:00:01]} Rxb2 {[%emt 0:00:01]} 55. Rf7 {[%emt 0:00:00]} f2 {[%emt 0:00:00]} 56. Kc3 {[%emt 0:00:01]} Re2 {[%emt 0:00:01]} 57. Kd3 {[%emt 0:00:01]} Ke1 {[%emt 0:00:02]} 58. Rxf2 {[%emt 0:00:04]} Rxf2 {[%emt 0:00:00]} 59. Kc3 {[%emt 0:00:00]} Rf4 {[%emt 0:00:01]} 60. Kb2 {[%emt 0:00:01]} Kd2 {[%emt 0:00:00]} 61. Ka3 {[%emt 0:00:00]} Kd3 {[%emt 0:00:00]} 62. Kb2 {[%emt 0:00:00]} Kc4 {[%emt 0:00:00]} 63. Ka2 {[%emt 0:00:00]} Kb5 {[%emt 0:00:00]} 64. Ka3 {[%emt 0:00:00]} Ka5 {[%emt 0:00:00]} 65. Ka2 {[%emt 0:00:00]} Kb4 {[%emt 0:00:00]} 66. Kb2 {[%emt 0:00:00]} Rf2+ {[%emt 0:00:00]} 67. Kb1 {[%emt 0:00:00]} Kc3 {[%emt 0:00:00]} 68. Kc1 {[%emt 0:00:00]} Rf1# {[%emt 0:00:01] (Lag: Av=0.52s, max=1.2s)} 0-1

[Event "Stay Safe Play From Home 328"]
[Site "Mustafa Kemal Atatürk"]
[Date "2020.07.24"]
[Round "2"]
[White "Lazieri3"]
[Black "Klasman"]
[Result "1-0"]
[WhiteElo "2095"]
[BlackElo "1347"]
[Annotator "NA"]
[PlyCount "27"]
[EventDate "2020.07.24"]
[EventType "swiss (blitz)"]

1. e4 {[%emt 0:00:01]} f5 {[%emt 0:00:01]} 2. Nc3 {[%emt 0:00:00]} fxe4 {[%emt 0:00:02]} 3. Nxe4 {[%emt 0:00:00]} Nf6 {[%emt 0:00:01]} 4. Nxf6+ {[%emt 0:00:01]} exf6 {[%emt 0:00:02]} 5. d4 {[%emt 0:00:00]} c5 {[%emt 0:00:02]} 6. Bd3 {[%emt 0:00:00]} d5 {[%emt 0:00:01]} 7. Qh5+ {[%emt 0:00:01]} Ke7 {[%emt 0:00:05]} 8. Bf4 {[%emt 0:00:02]} g6 {[%emt 0:00:06]} 9. Bxg6 {[%emt 0:00:02]} hxg6 {[%emt 0:00:09]} 10. Qxh8 {[%emt 0:00:02]} Be6 {[%emt 0:00:07]} 11. O-O-O {[%emt 0:00:03]} cxd4 {[%emt 0:00:06]} 12. Re1 {[%emt 0:00:02]} Kf7 {[%emt 0:00:10]} 13. Qh7+ {[%emt 0:00:02]} Bg7 {[%emt 0:00:05]} 14. Rxe6 {[%emt 0:00:01] Time (Lag: Av=0.71s, max=0.9s)} 1-0

[Event "Stay Safe Play From Home 328"]
[Site "Mustafa Kemal Atatürk"]
[Date "2020.07.24"]
[Round "2"]
[White "NeatFox"]
[Black "Little champs"]
[Result "0-1"]
[WhiteElo "1874"]
[BlackElo "2322"]
[PlyCount "60"]
[EventDate "2020.07.24"]
[EventType "swiss (blitz)"]

1. g4 {[%emt 0:00:01]} c6 {[%emt 0:00:00]} 2. Bg2 {[%emt 0:00:00]} d5 {[%emt 0:00:00]} 3. c4 {[%emt 0:00:01]} e6 {[%emt 0:00:00]} 4. cxd5 {[%emt 0:00:00]} exd5 {[%emt 0:00:01]} 5. Qb3 {[%emt 0:00:00]} Nf6 {[%emt 0:00:01]} 6. g5 {[%emt 0:00:01]} Nfd7 {[%emt 0:00:01]} 7. d4 {[%emt 0:00:01]} Be7 {[%emt 0:00:01]} 8. h4 {[%emt 0:00:01]} Na6 {[%emt 0:00:00]} 9. Nc3 {[%emt 0:00:01]} Nb4 {[%emt 0:00:01]} 10. a3 {[%emt 0:00:01]} Na6 {[%emt 0:00:01]} 11. Nf3 {[%emt 0:00:01]} Nb6 {[%emt 0:00:00]} 12. Ne5 {[%emt 0:00:02]} Bf5 {[%emt 0:00:01]} 13. Bf4 {[%emt 0:00:02]} O-O {[%emt 0:00:01]} 14. e3 {[%emt 0:00:01]} f6 {[%emt 0:00:01]} 15. gxf6 {[%emt 0:00:01]} Bxf6 {[%emt 0:00:01]} 16. Rg1 {[%emt 0:00:02]} Kh8 {[%emt 0:00:01]} 17. h5 {[%emt 0:00:02]} Qe7 {[%emt 0:00:01]} 18. h6 {[%emt 0:00:01]} g6 {[%emt 0:00:01]} 19. Rc1 {[%emt 0:00:06]} Rae8 {[%emt 0:00:02]} 20. Qd1 {[%emt 0:00:04]} Nd7 {[%emt 0:00:02]} 21. Qe2 {[%emt 0:00:03]} Nxe5 {[%emt 0:00:01]} 22. Bxe5 {[%emt 0:00:01]} Bxe5 {[%emt 0:00:00]} 23. dxe5 {[%emt 0:00:00]} Qxe5 {[%emt 0:00:00]} 24. Kd1 {[%emt 0:00:04]} d4 {[%emt 0:00:01]} 25. exd4 {[%emt 0:00:02]} Qxd4+ {[%emt 0:00:00]} 26. Qd2 {[%emt 0:00:01]} Bg4+ {[%emt 0:00:00]} 27. Kc2 {[%emt 0:00:02]} Rxf2 {[%emt 0:00:02]} 28. Ne2 {[%emt 0:00:02]} Rexe2 {[%emt 0:00:02]} 29. Qxe2 {[%emt 0:00:01]} Rxe2+ {[%emt 0:00:01]} 30. Kb3 {[%emt 0:00:03]} Rxb2# {[%emt 0:00:02] (Lag: Av=0.74s, max=2.4s)} 0-1

[Event "Stay Safe Play From Home 328"]
[Site "Mustafa Kemal Atatürk"]
[Date "2020.07.24"]
[Round "2"]
[White "Oznog"]
[Black "Mepe_Nika"]
[Result "0-1"]
[WhiteElo "1766"]
[BlackElo "2402"]
[Annotator "TA"]
[PlyCount "78"]
[EventDate "2020.07.24"]
[EventType "swiss (blitz)"]

{[%evp 15,78,1,3,-49,-41,-88,-54,-60,3,0,0,-52,-21,-56,98,-144,-33,-179,-184,-332,-180,-150,10,-241,-91,-217,-144,-407,-419,-416,-360,-339,-317,-293,0,0,0,-14,0,0,14,0,16,14,14,16,67,71,163,6,9,0,89,0,231,-521,-510,-1075,-500,-485,72,65,135,138,703]} 1. d4 d5 2. c4 c6 3. Nf3 Nf6 4. Nc3 e6 5. e3 Nbd7 6. cxd5 exd5 7. Qc2 Bd6 8. Bd3 O-O 9. Bd2 {D45: Semi-Slav: 5 e3.} (9. O-O $11) 9... Re8 10. g4 Nf8 11. g5 {[#] Black is slightly better.} N6d7 $146 (11... Bg4 $15 12. Ne5 Bxe5 13. dxe5 N6d7) ({Predecessor:} 11... Bg4 12. Ne5 Bxe5 13. dxe5 N6d7 14. f4 Nc5 15. Be2 Bxe2 16. Nxe2 Ne4 17. Ng3 Nxd2 18. Qxd2 {½-½ (49) Germann,H (2001)-Noetzel,F (2160) Germany 2016}) 12. h4 Nb6 13. b3 (13. Rg1 $11) 13... a5 (13... Bg4 $5 {[%cal Rg4f3]} 14. Be2 Rc8 $15) 14. a4 c5 $2 (14... Bg4 $15 {stays ahead.} 15. Be2 g6) 15. h5 $2 (15. dxc5 $1 $16 {keeps the pressure on.} Bxc5 16. Nb5) 15... c4 (15... Bg4 $17 16. Ne5 Bxe5 17. dxe5 d4) 16. Bf5 ({Better is} 16. Be2 $15) 16... cxb3 $19 17. Qb1 (17. Qd3 $142) 17... Bxf5 (17... Nc4 $142 18. Bxc8 Qxc8 19. Qxb3 Qf5) 18. Qxf5 {[#]} Qd7 $2 (18... Bb4 $1 $17 {White must now prevent ...b2.} 19. Rb1 Bxc3 20. Bxc3 Nxa4 21. Rxb3 g6 22. hxg6 fxg6) 19. Qh3 $2 {[%mdl 8192]} (19. Qxd7 $1 $11 {and White stays safe.} Nfxd7 20. Rb1) 19... Nc4 (19... Qc6 $19 {has better winning chances.} 20. g6 Re7) 20. g6 (20. Qxd7 $17 {was worth a try.} Nxd7 21. Ke2) 20... Qxh3 (20... hxg6 21. hxg6 Qxh3 22. gxf7+ Kxf7 23. Rxh3 $17) 21. gxh7+ $2 {[%mdl 8192]} (21. gxf7+ $17 {keeps fighting.} Kxf7 22. Rxh3) 21... Nxh7 22. Rxh3 b2 23. Rb1 Rac8 (23... Nf6 24. h6 $19) 24. Nb5 Nxd2 $2 ({Black should play} 24... Bb4 $19 25. Bxb4 axb4) 25. Kxd2 $11 Bb4+ 26. Kd3 Nf6 27. Rxb2 Re6 28. Ne5 Rc1 29. h6 gxh6 30. Rxh6 Rg1 (30... Ne4 $11 31. Rh5 (31. Rxe6 fxe6 32. f3 Rd1+ 33. Kc2 Rd2+ 34. Kc1 Rxb2 $14) 31... f6) 31. Nc7 $14 Rb6 {[#]} (31... Rd6 $16 {is a better defense.}) 32. Rxf6 $2 (32. f4 $1 $18) 32... Rxf6 $11 33. Nxd5 {[%mdl 64] Double Attack} Re6 (33... Rd6 $11 34. Nf3 (34. Nxb4 Rb6 $11 {[%mdl 64] Pin}) 34... Rf1) 34. Nf3 ({Much worse is} 34. Nxb4 $6 Rb6 $11) (34. Ke4 $16) 34... Rg2 $2 (34... Ra1 $11) 35. Ng5 $4 {[%mdl 8192]} ({Not} 35. Nxb4 Rb6 $11) (35. Nf4 $18 Rg4 36. Nxe6 fxe6 37. Rc2) 35... Rxg5 $19 36. f4 (36. e4 $142 Rh6 37. Ke2) 36... Rg3 (36... Rxd5 $142 37. e4 Rh5) 37. Rh2 Rexe3+ $2 (37... Kg7 $19 {And now ...Rg1 would win.} 38. f5 Re8) 38. Nxe3 $16 Be7 ({Black should try} 38... Rg1 $14) 39. Ke4 {Nf5 is the strong threat.} Rxe3+ $2 {[%mdl 40960] A wild game. Accuracy: White = 33%, Black = 28%. . Loss on time!?} (39... Rg1 $16) 0-1

[Event "Stay Safe Play From Home 328"]
[Site "Mustafa Kemal Atatürk"]
[Date "2020.07.24"]
[Round "2"]
[White "Padmaesh M K"]
[Black "Meini"]
[Result "1-0"]
[WhiteElo "1731"]
[BlackElo "1518"]
[Annotator "NA"]
[PlyCount "77"]
[EventDate "2020.07.24"]
[EventType "swiss (blitz)"]

1. Nf3 {[%emt 0:00:03]} c6 {[%emt 0:00:01]} 2. g3 {[%emt 0:00:00]} d5 {[%emt 0:00:00]} 3. Bg2 {[%emt 0:00:00]} Bf5 {[%emt 0:00:01]} 4. O-O {[%emt 0:00:00]} e6 {[%emt 0:00:00]} 5. c4 {[%emt 0:00:01]} Nf6 {[%emt 0:00:00]} 6. cxd5 {[%emt 0:00:00]} cxd5 {[%emt 0:00:01]} 7. Nc3 {[%emt 0:00:00]} Nc6 {[%emt 0:00:01]} 8. d4 {[%emt 0:00:00]} Be7 {[%emt 0:00:01]} 9. Bf4 {[%emt 0:00:01]} O-O {[%emt 0:00:01]} 10. Ne5 {[%emt 0:00:00]} Bd6 {[%emt 0:00:02]} 11. Nxc6 {[%emt 0:00:01]} bxc6 {[%emt 0:00:01]} 12. Bxd6 {[%emt 0:00:01]} Qxd6 {[%emt 0:00:01]} 13. e3 {[%emt 0:00:00]} c5 {[%emt 0:00:01]} 14. Re1 {[%emt 0:00:04]} cxd4 {[%emt 0:00:01]} 15. Qxd4 {[%emt 0:00:02]} Rfc8 {[%emt 0:00:02]} 16. Rac1 {[%emt 0:00:02]} a5 {[%emt 0:00:02]} 17. Nb5 {[%emt 0:00:02]} Qb4 {[%emt 0:00:04]} 18. Qxb4 {[%emt 0:00:03]} axb4 {[%emt 0:00:01]} 19. Rxc8+ {[%emt 0:00:00]} Rxc8 {[%emt 0:00:01]} 20. Nd6 {[%emt 0:00:00]} Ra8 {[%emt 0:00:02]} 21. Nxf5 {[%emt 0:00:00]} exf5 {[%emt 0:00:02]} 22. Ra1 {[%emt 0:00:01]} Ne4 {[%emt 0:00:03]} 23. a3 {[%emt 0:00:01]} bxa3 {[%emt 0:00:02]} 24. bxa3 {[%emt 0:00:02]} Ra4 {[%emt 0:00:02]} 25. Bf1 {[%emt 0:00:03]} g6 {[%emt 0:00:02]} 26. Bb5 {[%emt 0:00:01]} Ra5 {[%emt 0:00:01]} 27. a4 {[%emt 0:00:01]} Nc3 {[%emt 0:00:01]} 28. Rc1 {[%emt 0:00:07]} Rxb5 {[%emt 0:00:04]} 29. axb5 {[%emt 0:00:00]} Ne2+ {[%emt 0:00:01]} 30. Kf1 {[%emt 0:00:04]} Nxc1 {[%emt 0:00:01]} 31. b6 {[%emt 0:00:00]} Nd3 {[%emt 0:00:00]} 32. b7 {[%emt 0:00:01]} Ne5 {[%emt 0:00:01]} 33. b8=Q+ {[%emt 0:00:00]} Kg7 {[%emt 0:00:01]} 34. Qxe5+ {[%emt 0:00:00]} f6 {[%emt 0:00:01]} 35. Qc7+ {[%emt 0:00:00]} Kh6 {[%emt 0:00:02]} 36. h4 {[%emt 0:00:01]} Kh5 {[%emt 0:00:02]} 37. Qxh7+ {[%emt 0:00:02]} Kg4 {[%emt 0:00:00]} 38. Qxg6+ {[%emt 0:00:01]} Kf3 {[%emt 0:00:00]} 39. Qxf5# {[%emt 0:00:01] (Lag: Av=0.50s, max=0.9s)} 1-0

[Event "Stay Safe Play From Home 328"]
[Site "Mustafa Kemal Atatürk"]
[Date "2020.07.24"]
[Round "2"]
[White "Capaeuwekhine"]
[Black "Edmatuag"]
[Result "1-0"]
[WhiteElo "1641"]
[BlackElo "1667"]
[Annotator "NA"]
[PlyCount "53"]
[EventDate "2020.07.24"]
[EventType "swiss (blitz)"]

1. e4 {[%emt 0:00:01]} d6 {[%emt 0:00:00]} 2. Nf3 {[%emt 0:00:01]} c6 {[%emt 0:00:00]} 3. Bc4 {[%emt 0:00:01]} Nd7 {[%emt 0:00:00]} 4. d3 {[%emt 0:00:01]} g6 {[%emt 0:00:03]} 5. Bb3 {[%emt 0:00:01]} Bg7 {[%emt 0:00:02]} 6. O-O {[%emt 0:00:00]} h6 {[%emt 0:00:07]} 7. c3 {[%emt 0:00:01]} e5 {[%emt 0:00:01]} 8. Be3 {[%emt 0:00:01]} Ne7 {[%emt 0:00:01]} 9. Qd2 {[%emt 0:00:01]} f5 {[%emt 0:00:03]} 10. exf5 {[%emt 0:00:01]} Nxf5 {[%emt 0:00:01]} 11. Na3 {[%emt 0:00:02]} Nxe3 {[%emt 0:00:03]} 12. fxe3 {[%emt 0:00:02]} Nc5 {[%emt 0:00:02]} 13. d4 {[%emt 0:00:02]} Nxb3 {[%emt 0:00:02]} 14. axb3 {[%emt 0:00:01]} e4 {[%emt 0:00:03]} 15. Ne1 {[%emt 0:00:02]} d5 {[%emt 0:00:05]} 16. Qf2 {[%emt 0:00:02]} Be6 {[%emt 0:00:02]} 17. Nec2 {[%emt 0:00:02]} Qe7 {[%emt 0:00:03]} 18. c4 {[%emt 0:00:01]} Rf8 {[%emt 0:00:02]} 19. Qe2 {[%emt 0:00:02]} Rf7 {[%emt 0:00:02]} 20. Rxf7 {[%emt 0:00:02]} Bxf7 {[%emt 0:00:03]} 21. Rf1 {[%emt 0:00:01]} Rd8 {[%emt 0:00:02]} 22. Qg4 {[%emt 0:00:02]} Rd6 {[%emt 0:00:05]} 23. cxd5 {[%emt 0:00:02]} Bxd5 {[%emt 0:00:04]} 24. Nb4 {[%emt 0:00:02]} Rf6 {[%emt 0:00:02]} 25. Rxf6 {[%emt 0:00:02]} Qxf6 {[%emt 0:00:01]} 26. Nxd5 {[%emt 0:00:01]} cxd5 {[%emt 0:00:02]} 27. Qc8+ {[%emt 0:00:01] Time (Lag: Av=0.71s, max=1.0s)} 1-0

[Event "Stay Safe Play From Home 328"]
[Site "Mustafa Kemal Atatürk"]
[Date "2020.07.24"]
[Round "2"]
[White "W Nelles"]
[Black "Lamborghini"]
[Result "0-1"]
[WhiteElo "1119"]
[BlackElo "2195"]
[Annotator "NA"]
[PlyCount "56"]
[EventDate "2020.07.24"]
[EventType "swiss (blitz)"]

1. e4 {[%emt 0:00:02]} g6 {[%emt 0:00:01]} 2. Nf3 {[%emt 0:00:01]} Bg7 {[%emt 0:00:00]} 3. Nc3 {[%emt 0:00:01]} d6 {[%emt 0:00:01]} 4. Bc4 {[%emt 0:00:01]} Nf6 {[%emt 0:00:00]} 5. Ng5 {[%emt 0:00:01]} O-O {[%emt 0:00:01]} 6. Nxf7 {[%emt 0:00:01]} Rxf7 {[%emt 0:00:01]} 7. Bxf7+ {[%emt 0:00:01]} Kxf7 {[%emt 0:00:00]} 8. Nd5 {[%emt 0:00:02]} e6 {[%emt 0:00:03]} 9. Nxf6 {[%emt 0:00:02]} Qxf6 {[%emt 0:00:00]} 10. Qf3 {[%emt 0:00:02]} Nc6 {[%emt 0:00:01]} 11. Qxf6+ {[%emt 0:00:01]} Bxf6 {[%emt 0:00:00]} 12. c3 {[%emt 0:00:02]} d5 {[%emt 0:00:01]} 13. f3 {[%emt 0:00:03]} d4 {[%emt 0:00:02]} 14. O-O {[%emt 0:00:04]} Kg7 {[%emt 0:00:02]} 15. d3 {[%emt 0:00:03]} dxc3 {[%emt 0:00:01]} 16. Rb1 {[%emt 0:00:04]} c2 {[%emt 0:00:03]} 17. Ra1 {[%emt 0:00:02]} Bd4+ {[%emt 0:00:01]} 18. Kh1 {[%emt 0:00:02]} Nb4 {[%emt 0:00:01]} 19. a3 {[%emt 0:00:02]} Nxd3 {[%emt 0:00:01]} 20. Bd2 {[%emt 0:00:06]} c5 {[%emt 0:00:09]} 21. Bc3 {[%emt 0:00:03]} e5 {[%emt 0:00:02]} 22. Bxd4 {[%emt 0:00:02]} cxd4 {[%emt 0:00:01]} 23. b4 {[%emt 0:00:02]} Be6 {[%emt 0:00:02]} 24. h3 {[%emt 0:00:04]} Rc8 {[%emt 0:00:02]} 25. g4 {[%emt 0:00:01]} c1=Q {[%emt 0:00:01]} 26. Raxc1 {[%emt 0:00:02]} Rxc1 {[%emt 0:00:01]} 27. Rxc1 {[%emt 0:00:01]} Nxc1 {[%emt 0:00:00]} 28. Kg2 {[%emt 0:00:01]} g5 {[%emt 0:00:00] Zeit (Lag: Av=0.56s, max=1.0s)} 0-1

[Event "Stay Safe Play From Home 328"]
[Site "Mustafa Kemal Atatürk"]
[Date "2020.07.24"]
[Round "2"]
[White "Mandy"]
[Black "Stefanone"]
[Result "0-1"]
[WhiteElo "901"]
[BlackElo "2016"]
[Annotator "NA"]
[PlyCount "32"]
[EventDate "2020.07.24"]
[EventType "swiss (blitz)"]

1. d4 {[%emt 0:00:04]} d5 {[%emt 0:00:01]} 2. Bf4 {[%emt 0:00:01]} c6 {[%emt 0:00:00]} 3. e3 {[%emt 0:00:01]} e6 {[%emt 0:00:00]} 4. Nf3 {[%emt 0:00:01]} f5 {[%emt 0:00:00]} 5. h3 {[%emt 0:00:01]} Nf6 {[%emt 0:00:01]} 6. Bd3 {[%emt 0:00:01]} Bd6 {[%emt 0:00:00]} 7. Bxd6 {[%emt 0:00:04]} Qxd6 {[%emt 0:00:00]} 8. g3 {[%emt 0:00:06]} Qe7 {[%emt 0:00:00]} 9. O-O {[%emt 0:00:03]} O-O {[%emt 0:00:00]} 10. c3 {[%emt 0:00:01]} Nbd7 {[%emt 0:00:00]} 11. Nbd2 {[%emt 0:00:01]} e5 {[%emt 0:00:00]} 12. e4 {[%emt 0:00:09]} exd4 {[%emt 0:00:01]} 13. exf5 {[%emt 0:00:07]} dxc3 {[%emt 0:00:00]} 14. bxc3 {[%emt 0:00:03]} Ne5 {[%emt 0:00:01]} 15. Nxe5 {[%emt 0:00:05]} Qxe5 {[%emt 0:00:01]} 16. Nf3 {[%emt 0:00:09]} Qxc3 {[%emt 0:00:01] Zeit (Lag: Av=0.37s, max=0.7s)} 0-1

[Event "Stay Safe Play From Home 328"]
[Site "Mustafa Kemal Atatürk"]
[Date "2020.07.24"]
[Round "3"]
[White "Little champs"]
[Black "Mepe_Nika"]
[Result "1-0"]
[WhiteElo "2324"]
[BlackElo "2403"]
[PlyCount "133"]
[EventDate "2020.07.24"]
[EventType "swiss (blitz)"]

1. d4 {[%emt 0:00:01]} g6 {[%emt 0:00:00]} 2. e3 {[%emt 0:00:00]} Bg7 {[%emt 0:00:01]} 3. Nf3 {[%emt 0:00:00]} Nf6 {[%emt 0:00:00]} 4. Be2 {[%emt 0:00:00]} O-O {[%emt 0:00:00]} 5. O-O {[%emt 0:00:00]} d6 {[%emt 0:00:00]} 6. c4 {[%emt 0:00:00]} Nbd7 {[%emt 0:00:01]} 7. Nc3 {[%emt 0:00:02]} e5 {[%emt 0:00:00]} 8. d5 {[%emt 0:00:02]} a5 {[%emt 0:00:04]} 9. e4 {[%emt 0:00:01]} Nc5 {[%emt 0:00:01]} 10. Nd2 {[%emt 0:00:01]} Bd7 {[%emt 0:00:01]} 11. Qc2 {[%emt 0:00:01]} a4 {[%emt 0:00:01]} 12. Rb1 {[%emt 0:00:01]} c6 {[%emt 0:00:01]} 13. b4 {[%emt 0:00:01]} axb3 {[%emt 0:00:01]} 14. axb3 {[%emt 0:00:01]} cxd5 {[%emt 0:00:00]} 15. cxd5 {[%emt 0:00:02]} Rc8 {[%emt 0:00:01]} 16. Qb2 {[%emt 0:00:03]} Ne8 {[%emt 0:00:06]} 17. Nc4 {[%emt 0:00:01]} f5 {[%emt 0:00:02]} 18. f3 {[%emt 0:00:01]} f4 {[%emt 0:00:02]} 19. Bd2 {[%emt 0:00:01]} g5 {[%emt 0:00:01]} 20. b4 {[%emt 0:00:01]} Na6 {[%emt 0:00:02]} 21. Rbc1 {[%emt 0:00:01]} h5 {[%emt 0:00:01]} 22. b5 {[%emt 0:00:08]} Nc5 {[%emt 0:00:01]} 23. Qb4 {[%emt 0:00:02]} g4 {[%emt 0:00:01]} 24. Na4 {[%emt 0:00:02]} Nxa4 {[%emt 0:00:04]} 25. Qxa4 {[%emt 0:00:01]} Qg5 {[%emt 0:00:02]} 26. Qb4 {[%emt 0:00:01]} Rc5 {[%emt 0:00:01]} 27. Nxd6 {[%emt 0:00:03]} Rxc1 {[%emt 0:00:00]} 28. Bxc1 {[%emt 0:00:01]} h4 {[%emt 0:00:00]} 29. Nxe8 {[%emt 0:00:01]} Bxe8 {[%emt 0:00:00]} 30. Qd6 {[%emt 0:00:01]} h3 {[%emt 0:00:01]} 31. fxg4 {[%emt 0:00:01]} hxg2 {[%emt 0:00:01]} 32. Kxg2 {[%emt 0:00:00]} Rf6 {[%emt 0:00:05]} 33. Qd8 {[%emt 0:00:02]} Kf8 {[%emt 0:00:01]} 34. Ba3+ {[%emt 0:00:01]} Kf7 {[%emt 0:00:04]} 35. Be7 {[%emt 0:00:01]} Kg6 {[%emt 0:00:00]} 36. Bxf6 {[%emt 0:00:01]} Bxf6 {[%emt 0:00:00]} 37. Qxe8+ {[%emt 0:00:01]} Kg7 {[%emt 0:00:00]} 38. Qd7+ {[%emt 0:00:01]} Kg6 {[%emt 0:00:02]} 39. Qf5+ {[%emt 0:00:00]} Qxf5 {[%emt 0:00:01]} 40. gxf5+ {[%emt 0:00:00]} Kg5 {[%emt 0:00:00]} 41. Bf3 {[%emt 0:00:00]} b6 {[%emt 0:00:00]} 42. Rc1 {[%emt 0:00:00]} Kh4 {[%emt 0:00:00]} 43. Rc6 {[%emt 0:00:00]} Bd8 {[%emt 0:00:00]} 44. Rh6+ {[%emt 0:00:01]} Kg5 {[%emt 0:00:01]} 45. Rg6+ {[%emt 0:00:00]} Kh4 {[%emt 0:00:01]} 46. Rg4+ {[%emt 0:00:01]} Kh5 {[%emt 0:00:01]} 47. Rg8+ {[%emt 0:00:00]} Kh4 {[%emt 0:00:00]} 48. Rh8+ {[%emt 0:00:01]} Kg5 {[%emt 0:00:00]} 49. h4+ {[%emt 0:00:00]} Kf6 {[%emt 0:00:03]} 50. Rxd8 {[%emt 0:00:00]} Kg7 {[%emt 0:00:00]} 51. Rd7+ {[%emt 0:00:01]} Kf6 {[%emt 0:00:01]} 52. Rd6+ {[%emt 0:00:01]} Kg7 {[%emt 0:00:00]} 53. Re6 {[%emt 0:00:00]} Kf7 {[%emt 0:00:00]} 54. Bg4 {[%emt 0:00:00]} Kg7 {[%emt 0:00:00]} 55. Kf3 {[%emt 0:00:00]} Kh7 {[%emt 0:00:00]} 56. h5 {[%emt 0:00:00]} Kg7 {[%emt 0:00:00]} 57. h6+ {[%emt 0:00:00]} Kf7 {[%emt 0:00:00]} 58. Bh5+ {[%emt 0:00:00]} Kg8 {[%emt 0:00:01]} 59. Re8+ {[%emt 0:00:01]} Kh7 {[%emt 0:00:00]} 60. Bg6+ {[%emt 0:00:00]} Kxh6 {[%emt 0:00:01]} 61. Re7 {[%emt 0:00:00]} Kg5 {[%emt 0:00:01]} 62. Bh5 {[%emt 0:00:00]} Kh6 {[%emt 0:00:00]} 63. Re6+ {[%emt 0:00:01]} Kg5 {[%emt 0:00:00]} 64. Rg6+ {[%emt 0:00:00]} Kh4 {[%emt 0:00:00]} 65. Rg4+ {[%emt 0:00:00]} Kh3 {[%emt 0:00:00]} 66. Bg6 {[%emt 0:00:00]} Kh2 {[%emt 0:00:00]} 67. f6 {[%emt 0:00:01] Time (Lag: Av=0.71s, max=2.5s)} 1-0